European Investment Bank Activity Report 2020 (Record no. 62344)
[ view plain ]
| 000 -LEADER | |
|---|---|
| fixed length control field | 01555nam a2200193Ii 4500 |
| 008 - FIXED-LENGTH DATA ELEMENTS--GENERAL INFORMATION | |
| fixed length control field | 221202s xx 000 0 und d |
| 100 1# - MAIN ENTRY--PERSONAL NAME | |
| Personal name | European Investment Bank, |
| Relator term | author |
| 245 #0 - TITLE STATEMENT | |
| Title | European Investment Bank Activity Report 2020 |
| 264 #1 - PRODUCTION, PUBLICATION, DISTRIBUTION, MANUFACTURE, AND COPYRIGHT NOTICE | |
| Place of production, publication, distribution, manufacture | [Place of publication not identified] : |
| Name of producer, publisher, distributor, manufacturer | [Publisher not identified], |
| Date of production, publication, distribution, manufacture, or copyright notice | 2021 |
| 300 ## - PHYSICAL DESCRIPTION | |
| Extent | 1 online resource |
| 336 ## - CONTENT TYPE | |
| Content type term | text |
| Content type code | txt |
| Source | rdacontent |
| 337 ## - MEDIA TYPE | |
| Media type term | computer |
| Media type code | c |
| Source | rdamedia |
| 338 ## - CARRIER TYPE | |
| Carrier type term | online resource |
| Carrier type code | cr |
| Source | rdacarrier |
| 520 ## - SUMMARY, ETC. | |
| Summary, etc. | Our flagship report highlights the European Investment Bank’s key contribution to combatting the COVID-19, climate change and development challenges that dominated 2020. It tells the stories of our crisis solutions. Built around 20 stories profiling 30 of our projects or programmes, the report’s “Solutions” sections explain how the EU bank responded swiftly and decisively to a year of crises and laid the foundations for future innovation and growth. The stories take you through the Bank’s work in innovation, infrastructure, small and medium-sized enterprises, and climate and environment inside the European Union and beyond the EU’s borders. Figures are expected outcomes of financed new operations signed in 2020 for the first time based on available data at this stage. All figures are unaudited and provisional. |
| 653 ## - INDEX TERM--UNCONTROLLED | |
| Uncontrolled term | Business & Economics |
| 653 ## - INDEX TERM--UNCONTROLLED | |
| Uncontrolled term | Finance |
| 856 ## - ELECTRONIC LOCATION AND ACCESS | |
| Uniform Resource Identifier | <a href="https://library.oapen.org/bitstream/20.500.12657/46318/1/external_content.pdfhttps://library.oapen.org/handle/20.500.12657/46318">https://library.oapen.org/bitstream/20.500.12657/46318/1/external_content.pdfhttps://library.oapen.org/handle/20.500.12657/46318</a> |
| 942 ## - ADDED ENTRY ELEMENTS (KOHA) | |
| Koha item type | E-Book |
| Withdrawn status | Damaged status | Not for loan | Home library | Current library | Date acquired | Total Checkouts | Date last seen | Price effective from | Koha item type |
|---|---|---|---|---|---|---|---|---|---|
| Directory of Open Access Books | Directory of Open Access Books | 11/28/2022 | 11/28/2022 | 11/28/2022 | E-Book |